| 000 | 00420nam a2200133Ia 4500 | ||
|---|---|---|---|
| 008 | 220217s9999 xx 000 0 und d | ||
| 245 | 0 | _aMethod for determination of reid vapour pressure of petroleum products | |
| 260 | _aLondon | ||
| 260 |
_c1961 _bBritish Standards Institution |
||
| 490 | _aBritish Standards | ||
| 500 | _aStandard number: BS 3325 | ||
| 650 | _aPetroleum products-reid vapour pressure | ||
| 942 | _cST | ||
| 999 |
_c73065 _d73065 |
||